| 000 | 00739cam a2200205 a 4500 | ||
|---|---|---|---|
| 001 | 000002142 | ||
| 005 | 20200929145840.0 | ||
| 008 | 751120s1968 pr a 000 f spa | ||
| 040 |
_aDO-SdBNP _bspa _cBNPHU |
||
| 082 |
_aPR863.5 _bB641c, 1968 |
||
| 100 | 1 |
_aBlanco, Tomás, _d1896-1975 _96858 |
|
| 245 | 1 | 4 |
_aLos cinco sentidos : _bcuaderno suelto de un inventario de cosas nuestras con decoraciones de Irene Delano / _cTomás Blanco. |
| 250 | _a2a ed. | ||
| 260 |
_aSan Juan de Puerto Rico : _bInstituto de Cultura Puertorriqueña, _c1968. |
||
| 300 |
_a77 p. : _bil. ; _c18 cm. |
||
| 490 | 0 | _aBiblioteca popular | |
| 650 | 4 |
_aNovela puertorriqueña _91185 |
|
| 650 | 4 |
_aLiteratura puertorriqueña _9250 |
|
| 830 | 0 |
_aBiblioteca popular _95059 |
|
| 999 |
_c1993 _d1993 |
||